zpět

Detail výsledku týmu

Výčep Horoměřice, Horoměřice

Datum a čas kvízu

31.5 Celkem bodů Celkový počet nahraných bodů na tomto kvízu bez doplňovacích otázek.
5. Pořadí na kvízu Konečné umístění týmu na tomto kvízu.

Zaznamenané odpovědi

# Otázka Odpověď Body Výsledky
1. Minulý týden projednával Městs... krabice od banánů, Lidl 1
2. Ve kterém městě zahajoval Kare... v Ottawě 0
3. Jak se jmenuje seriál, do něho... Harry Potter, HBO (Max) 1
4. Jak se jmenuje horská chata le... Luční bouda 1
5. Napište jméno muže, který byl... David Trunda 0
6. Milovníci komiksů se každoročn... Comic-Con 1
7. Hlavní postavy ze seriálu Teor... Stuart 1
8. Jedním z nejoblíbenějších komi... 1D 2A 3B 4C 1
9. Jak se jmenuje muž, který nakr... Štěpán Mareš 0
10. V současné době vychází v komi... Karel Čapek, R.U.R. 1